|
|
|
|
| LEADER |
01141nam a2200277 i 4500 |
| 001 |
c000037296 |
| 003 |
CARM |
| 005 |
00000000000000.0 |
| 008 |
750418s1975 nyua b 00110 eng |
| 019 |
1 |
|
|a 387875
|z 23860990
|5 LACONCORD2021
|
| 020 |
|
|
|a 0470449020 (Halsted)
|
| 035 |
|
|
|a (OCoLC)1341480
|5 LACONCORD2021
|
| 043 |
|
|
|a d------
|
| 050 |
0 |
0 |
|a LC2605
|b .J66
|
| 100 |
1 |
|
|a Jones, Gavin W.
|
| 245 |
1 |
0 |
|a Population growth and educational planning in developing nations /
|c Gavin Jones ; with a foreword by Bernard Berelson.
|
| 260 |
|
|
|a New York :
|b Irvington Publishers : distributed by Halsted Press,
|c [1975]
|
| 300 |
|
|
|a xiv, 238 p. :
|b ill. ;
|c 25 cm.
|
| 500 |
|
|
|a "A Population Council book."
|
| 504 |
|
|
|a Includes bibliographical references and index.
|
| 650 |
|
0 |
|a Educational planning
|z Developing countries.
|
| 651 |
|
0 |
|a Developing countries
|x Population.
|
| 852 |
8 |
|
|b CARM
|h A2:AI14F0
|i C04443
|p 0183597
|f BK
|
| 082 |
0 |
4 |
|a 371.2/07/091724
|
| 999 |
f |
f |
|i 2a95d11e-0dc3-54ec-8c0f-e02ba61318bf
|s 4c2e6e7b-1868-53d3-b5f3-6556a6437193
|
| 952 |
f |
f |
|p Can circulate
|a CAVAL
|b CAVAL
|c CAVAL
|d CARM 1 Store
|e C04443
|f A2:AI14F0
|h Other scheme
|i book
|m 0183597
|